| 000 | 00424nam a2200157 i 4500 | ||
|---|---|---|---|
| 001 | 94981 | ||
| 003 | ES-MaACL | ||
| 005 | 20230906181614.0 | ||
| 007 | t| | ||
| 008 | 050519s1963 sp ||||1| spa d | ||
| 100 | 1 |
_aRío Iglesias, Eduardo de. _997328 |
|
| 245 | 1 | 0 |
_aLugo _b: impulsión / _cEduardo de Río Iglesias. |
| 260 |
_aLugo : _b[s.n.], _c1963. |
||
| 300 |
_a96 p. ; _c29 cm. |
||
| 852 |
_aES-MaACL _jF-1947 _bR.52707 |
||
| 999 |
_c94981 _d94981 |
||